Najlepsi piłkarze danej reprezentacji - Statystyki

Ogólne statystyki
  • Ten quiz został rozwiązany 66 razy
  • Średni wynik to 30 z 211
Statystyki odpowiedzi
Reprezentacja Piłkarz Klub % Poprawnych
Chorwacja Luka Modrić Real Madryt
91%
Belgia Kevin De Bruyne Man. City
87%
Anglia Harry Kane Bayern
83%
Francja Kylian Mbappé PSG
81%
Austria David Alaba Real Madryt
79%
Polska Robert Lewandowski FC Barcelona
72%
Norwegia Erling Haaland Manchester City
62%
Argentyna Leo Messi Inter Miami
62%
Brazylia Neymar Al-Hilal
58%
Holandia Frenkie De Jong Barcelona
57%
Portugalia Bernardo Silva Manchester City
55%
Bośnia i Hercegowina Edin Džeko Fenerbahce
55%
Hiszpania Rodri Manchester City
55%
Niemcy Joshua Kimmich Bayern
51%
Urugwaj Federico Valverde Real Madryt
49%
Egipt Mohamed Salah Liverpool
49%
Czechy Tomáš Souček West Ham
49%
Węgry Dominik Szoboszlai Liverpool
47%
Ukraina Oleksandr Zinchenko Arsenal
47%
Szwecja Alexander Isak Newcastle
43%
Korea Południowa Heung-min Son Tottenham
43%
Słowenia Jan Oblak Atletico
43%
Słowacja Milan Škriniar PSG
43%
Finlandia Lukáš Hrádecký Bayer
42%
Szwajcaria Manuel Akanji Manchester City
42%
Serbia Dušan Vlahović Juventus
40%
Kolumbia Luis Díaz Liverpool
40%
Maroko Achraf Hakimi PSG
38%
Senegal Sadio Mané Al-Nassr
38%
Szkocja Andrew Robertson Liverpool
36%
Stany Zjednoczone Christian Pulisic AC Milan
36%
Turcja Hakan Çalhanoğlu Inter
34%
Armenia Henrikh Mkhitaryan Inter
34%
Algieria Riyad Mahrez Al-Ahli
34%
Nigeria Victor Osimhen Napoli
34%
Kanada Alphonso Davies Bayern
32%
Ekwador Moisés Caicedo Chelsea
32%
Włochy Sandro Tonali Newcastle
32%
Rosja Aleksandr Golovin Monaco
30%
Kostaryka Keylor Navas PSG
28%
Gruzja Khvicha Kvaratskhelia Napoli
28%
Gabon Pierre-Emerick Aubameyang Olympique Marsylia
28%
Czarnogóra Stefan Savić Atletico
28%
Japonia Takefusa Kubo Real Sociedad
28%
Rumunia Nicolae Stanciu Damac FC
26%
Wybrzeże Kości Słoniowej Sébastien Haller BVB
26%
Izrael Manor Solomon Tottenham
25%
Iran Mehdi Taremi FC Porto
25%
Kamerun Frank Anguissa Napoli
23%
Macedonia Północna Eljif Elmas Napoli
21%
Paragwaj Miguel Almirón Newcastle
21%
Ghana Mohammed Kudus West Ham
21%
Kosowo Amir Rrahmani Napoli
19%
Nowa Zelandia Chris Wood Nottingham Forest
19%
Republika Środkowoafryka... Geoffrey Kondogbia Olympique Marsylia
19%
Jamajka Leon Bailey Aston Villa
19%
Dania Pierre-Emile Højbjerg Tottenham
19%
Arabia Saudyjska Salem Al-Dawsari Al-Hilal
19%
Albania Berat Djimsiti Atalanta
17%
Walia Brennan Johnson Tottenham
17%
Burkina Faso Edmond Tapsoba Bayer Leverkusen
17%
Zambia Patson Daka Leicester
17%
Meksyk Edson Álvarez West Ham
15%
Mauritius Lindsay Rose Legia Warszawa
15%
Gwinea Równikowa Pedro Obiang Sassuolo
15%
Chiny Wu Lei Shanghai Port
15%
Katar Akram Afif Al-Sadd SC
13%
Peru Renato Tapia Celta de Vigo
13%
Malta Teddy Teuma Stade de Reims
13%
Demokratyczna Republika ... Chancel Mbemba Olympique Marsylia
11%
Tunezja Ellyes Skhiri Eintracht
11%
Togo Ihlas Bebou Hoffenheim
11%
Dominikana Junior Firpo Leeds
11%
Republika Południowej Afry... Lyle Foster Burnley
11%
San Marino Nicola Nanni Olbia
11%
Grecja Odysseas Vlachodimos Nottingham
11%
Gwinea Serhou Guirassy Stuttgart
11%
Islandia Albert Guðmundsson Genoa
9%
Mali Cheick Doucouré Crystal Palace
9%
Angola M'Bala Nzola Fiorentina
9%
Gambia Musa Barrow Al-Taawoun
9%
Liberia Oscar Dorley Slavia Praga
9%
Mozambik Reinildo Mandava Atletico
9%
Surinam Sheraldo Becker Union Berlin
9%
Wenezuela Yangel Herrera Girona
9%
Libia Al-Musrati SC Braga
8%
Panama Amir Murillo Olympique Marsylia
8%
Chile Ben Brereton Díaz Villarreal
8%
Andora Iker Alvarez Villarreal B
8%
Luksemburg Leandro Barreiro Mainz
8%
Irlandia Nathan Collins Brentford
8%
Kuba Onel Hernández Norwich
8%
Tanzania Ally Samatta PAOK
6%
Czad Casimir Ninga Sumqayit PFK
6%
Uzbekistan Eldor Shomurodov Cagliari
6%
Cypr Grigoris Kastanos Salernitana
6%
Australia Harry Souttar Leicester City
6%
Saint Lucia Janoi Donacien Ipswich
6%
Curaçao Juninho Bacuna Birmingham
6%
Trynidad i Tobago Levi García AEK Ateny
6%
Honduras Luis Palma Celtic
6%
Jordania Mousa Al-Tamari Montpellier
6%
Bermudy Nahki Wells Bristol City
6%
Mołdawia Oleg Reabciuk Spartak
6%
Saint Kitts i Nevis Romaine Sawyers Cardiff
6%
Benin Steve Mounié Brest
6%
Barbados Thierry Gale Rapid Wiedeń
6%
Turks i Caicos Billy Forbes CV Fuego
4%
Pakistan Easah Suliman Sumqayit
4%
Mongolia Ganbold Ganbayar Komarno
4%
Filipiny Gerrit Holtmann Antalyaspor
4%
Litwa Gvidas Gineitis Torino
4%
Eswatini Justice Figuareido Richards Bay
4%
Liechtenstein Marcel Büchel Wolny zawodnik
4%
Zimbabwe Marshall Munetsi Stade de Reims
4%
Sudan Mo Eisa MK Dons
4%
Łotwa Raimonds Krollis Spezia
4%
Wyspy Salomona Raphael Lea'i Velez Mostar
4%
Gibraltar Tjay De Barr Wycombe
4%
Burundi Youssouf Ndayishimiye OGC Nice
4%
Mauretania Aboubakar Kamara Al-Jazira
2%
Etiopia Abubeker Nassir Mamelodi Sundowns
2%
Salwador Álex Roldán Seattle Sounders
2%
Bahrajn Ali Madan Ajman Club
2%
Niger Ali Mohamed Maccabi Haifa
2%
Dżibuti Anas Farah Ali Moss
2%
Nikaragua Ariagner Smith Panevezys
2%
Kazachstan Bakhtiyor Zaynutdinov Besiktas
2%
Vanuatu Brian Kaltak Central Coast
2%
Seszele Charmaine Haüsl Wolny zawodnik
2%
Bhutan Chencho Gyeltshen Sriwijaya FC
2%
Sri Lanka Claudio Kammerknecht Dynamo Drezno
2%
Liban Daniel Lajud CF Atlante
2%
Papua-Nowa Gwinea David Browne Wolny zawodnik
2%
Malezja Dion Cools Buriram United
2%
Uganda Farouk Miya Rizespor
2%
Malawi Gabadinho Mhango Moroka Swallows FC
2%
Aruba Gregor Breinburg Wolny zawodnik
2%
Brunei Hakeme Said Brunei DPMM FC
2%
Wyspy Świętego Tomasza i... Harramiz Länk FCV
2%
Singapur Irfan Fandi PG Pathum United
2%
Wyspy Dziewicze Stanów Z... J.C. Mack Napier City
2%
Haiti Jean-Kévin Duverne Nantes
2%
Wyspy Zielonego Przylądka Jovane Salernitana
2%
Estonia Karol Mets St. Pauli
2%
Bułgaria Kiril Despodov PAOK
2%
Indie Lallianzuala Chhangte Mumbai City
2%
Madagaskar Loic Lapoussin Royal Union SG
2%
Montserrat Lyle Taylor Wolny zawodnik
2%
Sudan Południowy Machop Chol Atlanta United
2%
Białoruś Maks Ebong Astana
2%
Gwinea Bissau Mama Baldé Olympique Lyon
2%
Boliwia Marcelo Moreno Independiente
2%
Wyspy Cooka Maro Bonsu-Maro FC Coffrane
2%
Mjanma Maung Maung Lwin Lamphun Warriors
2%
Kenia Michael Olunga Al-Duhail
2%
Belize Michael Salazar Miami FC
2%
Erytrea Mohammed Saeid Trelleborg
2%
Saint Vincent i Grenadyny Oalex Anderson North Carolina FC
2%
Palestyna Oday Dabbagh RSC Charleroi
2%
Namibia Peter Shalulile Mamelodi Sundowns
2%
Azerbejdżan Renat Dadashov Hatayspor
2%
Nepal Rohit Chand Persik
2%
Fidżi Roy Krishna Odisha FC
2%
Tadżykistan Ruslan Mingazov Kitchee
2%
Indonezja Sandy Walsh KV Mechelen
2%
Grenada Shandon Baptiste Brentford
2%
Tahiti Teaonui Tehau AS Vénus Mahina
2%
Botswana Thatayaone Ditlhokwe Kaizer Chiefs
2%
Chińskie Tajpej Tim Chow CD Rongcheng
2%
Kirgistan Valeriy Kichin Enisey
2%
Portoryko Zarek Valentin Minnesota United
2%
Gwatemala Aarón Herrera CF Montreal
0%
Jemen Abdulwasea Al-Matari Sitra Club
0%
Kongo Antoine Makoumbou Cagliari
0%
Tonga Ata Inia Chainat
0%
Laos Billy Ketheophomphone Blotzheim
0%
Korea Północna Byong-Jun An Suwon Samsung
0%
Kambodża Chanthea Sieng Al-Shahania SC
0%
Gujana Elliot Bonds Cheltenham
0%
Rwanda Emmanuel Imanishimwe FAR Rabat
0%
Hongkong Everton Camargo Lee Man
0%
Zjednoczone Emiraty Arabs... Fábio Lima Al-Wasl
0%
Komory Faïz Selemani Al-Hazem
0%
Afganistan Farshad Noor Brunei DPMM FC
0%
Anguilla Germain Hughes Cunupia FC
0%
Wyspy Owcze Gilli Sörensen Vejle BK
0%
Malediwy Hamza Mohamed Maziya SR&C
0%
Oman Ibrahim Al-Mukhaini Al-Nahda
0%
Nowa Kaledonia Jekob Jeno Grenoble
0%
Kajmany Joshewa Frederick-Charley CS Tunari
0%
Dominika Julian Wade Formartine
0%
Samoa Kaleb De Groot-Green Dunedin C.R.
0%
Irak Kevin Yakob Aarhus GF
0%
Brytyjskie Wyspy Dziewicze Luka Chalwell Eastleigh
0%
Antigua i Barbuda Mahlon Romeo Cardiff
0%
Timor Wschodni Mouzinho Visakha FC
0%
Wietnam Nguyen Van Quyet Ha Noi FC
0%
Makau Nicholas Torrao Must CPK
0%
Irlandia Północna Oliver Norwood Sheffield
0%
Syria Omar Al-Somah Al-Arabi SC
0%
Tadżykistan Parwizdżon Umarbajew CSKA 1948
0%
Bahamy Quinton Carey Gold Star FC
0%
Bangladesz Rakib Hossain Bashundhara Kings
0%
Lesotho Sera Motebang Royal AM
0%
Kuwejt Shabaib Al-Khaldi Hatta Club
0%
Somalia Siad Haji FC Tulsa
0%
Tajlandia Theerathon Bunmathan Buriram United
0%
Guam Travis Nicklaw Chattanooga Red Wolves
0%
Samoa Amerykańskie Walter Pati Pago Youth
0%
Sierra Leone Yayah Kallon Hellas Werona
0%
Nie znaleziono quizów pasujących do podanych kryteriów
Rozkład punktacji
Procent ludzi z każdym wynikiem
Percentyl według liczby udzielonych odpowiedzi
Twoja historia wyników
Nie rozwiązałeś tego quizu